|
|
|
|
| LEADER |
00000nab a2200000 a 4500 |
| 001 |
vtls008624689 |
| 003 |
SK-MaSNL |
| 005 |
20260304135118.0 |
| 008 |
250505c2005 xo mr|p|||||||000 b|slo |
| 015 |
|
|
|a SNBRB2006/02
|2 snkbucl
|
| 035 |
|
|
|a urn:nbn:sk:snk-ab87yb
|
| 035 |
|
|
|a (urnnbn)urn:nbn:sk:snk:ar-006ptz
|
| 035 |
|
|
|a (uuid)7c3f74da-dd9a-4838-a10a-3cc8be6ec7b4
|
| 038 |
|
|
|a SNKBUCL
|
| 040 |
|
|
|a SNKBUCL
|b slo
|c SNKBUCL
|e AACR2
|
| 041 |
0 |
|
|a slo
|
| 044 |
|
|
|a xo
|c SK
|
| 080 |
|
|
|a 636.087.7
|2 1997
|
| 080 |
|
|
|a 636.084.1
|2 1997
|
| 245 |
0 |
0 |
|a Alternatíva antibiotík v odchove mláďat HZ
|b probiotiká pomáhajú produkovať zdravotne neškodné a kvalitné potraviny ...
|c Dagmar Mudroňová ... [et al.]
|
| 650 |
0 |
7 |
|a hospodárske zvieratá
|2 snkbucl
|9 1097
|
| 650 |
0 |
7 |
|a mláďatá
|2 snkbucl
|9 24572
|
| 650 |
0 |
7 |
|a odchov
|2 snkbucl
|9 649425
|
| 650 |
0 |
7 |
|a kŕmne doplnky
|2 snkbucl
|9 71109
|
| 650 |
0 |
7 |
|a antibiotiká
|2 snkbucl
|9 2424
|
| 650 |
0 |
7 |
|a probiotiká
|2 snkbucl
|9 16784
|
| 700 |
1 |
|
|a Mudroňová, Dagmar,
|d 1972-
|4 aut
|9 203761
|
| 700 |
1 |
|
|a Nemcová, Radomíra,
|d 1959-
|4 aut
|9 203791
|
| 700 |
1 |
|
|a Gancarčíková, Soňa,
|d 1965-
|4 aut
|9 240434
|
| 700 |
1 |
|
|a Jonecová, Zuzana
|4 aut
|9 325313
|
| 700 |
1 |
|
|a Bomba, Alojz
|4 aut
|9 9696
|
| 773 |
0 |
|
|t Slovenský chov
|g Roč. 10, č. 11 (2005), s. 33-35
|x 1335-1990
|
| 850 |
|
|
|a Slovenská národná knižnica
|
| 852 |
|
|
|a Slovenská národná knižnica
|
| 954 |
|
|
|a odborná, vedecká literatúra pôvodná (slovenská)
|2 lita
|
| 958 |
|
|
|a article9
|
| 958 |
|
|
|a OND
|
| 958 |
|
|
|a EUIPO
|
| 999 |
|
|
|c 2909511
|d 2911441
|